Представление документа в формате MARC21

Поле Инд. ПП Название Значение
Тип записи a
Библиографический уровень m
001 Контрольный номер 7718f4b9-474c-4d07-89d6-8db411616027
005 Дата корректировки 20131111223828.6
008 Кодируемые данные 010323 d
020 a ISBN 5-06-002071-1
c Цена, тираж 1.00
040 a Служба первич. каталог. RU-RKP
040 a Служба первич. каталог. НБ ТвГУ
041 a Код языка текста rus
080 a Индекс УДК 536.7:517.91(075.8)
084 a Индекс другой классификации/Индекс ББК В317.1я731-1
a Индекс другой классификации/Индекс ББК В317.24я731-1
090 a Полочн. индекс В317.1
x Авторский знак С95
092 a 29.05
100 1_ a Автор Сычев Вячеслав Владимирович
245 10 a Заглавие Дифференциальные уравнения термодинамики
b Продолж. заглавия [Учеб. пособие для теплоэнерг. и теплофиз. спец. вузов]
c Ответственность В. В. Сычев
250 a Основные сведения об издании 2-е изд., перераб.
260 0_ a Место издания Москва
b Издательство Высшая школа
c Дата издания 1991
300 a Объем 223,[1] с.
b Иллюстрации/ тип воспроизводства ил.
c Размеры 21 см
650 a Основная рубрика Термодинамика
x Основная подрубрика Дифференциальные уравнения
x Основная подрубрика Учебники для вузов
653 a Ключевые слова Дифференциальные уравнения
a Ключевые слова Термодинамика
a Ключевые слова Уравнения термодинамики
852 t Порядковый номер экземпляра 3
p Инвентарный номер 622111
p Инвентарный номер 622112
p Инвентарный номер 622113
930 a Новая/Ретро учебники
954 a Дата поступления на обработку 20010323
999 a Подразделение 2 Фил3